Tyler, The Creator Songs A-Z - Statistics

General Stats
  • This quiz has been taken 135 times
    37 since last reset
  • The average score is 17 of 23
Answer Stats
Hint Answer % Correct
I IFHY/I Ain't Got Time!/Igor's Theme/I Think/I Don't Love YouAnymore/I Thought You Wanted To Dance/I Killed You/I Hope You Find Your Way Home/I'll Take Care of You
96%
S She/Sandwitches/Steak Sauce/Slater/Smuckers/Sometimes/See You Again/Sir Baudelaire/Sweet/Safari/Stuntman/Sorry Not Sorry/St. Chroma/Sticky/Sugar on my tongue/Sucka Free/ Stop Playing With Me/Sam
96%
B BSD/Burger/Bimmer/Buffalo/Blow My Load/Boredom/BestInterest/Blessed/Boyfriend, Girlfriend/Big Bag/Balloon/Big Poe
92%
T Transylvania/Tron Cat/Trashwang/Treehome95/Tamale/TheBrown Stains of Darkeese Latifah/Thank You/Tell me How/ Take Your Mask Off/Tomorrow/Thought I Was Dead/Tweakin'/ Tell Me What It Is
92%
W Window/Wolf/Where this flower blooms/Who Dat Boy/What'sGood/Wusyaname/Wilshire/What A Day/Wharf Talk/Whoville/ When Gloves Come Off/We Got Bitches
88%
A Analog/AU79/Awkward/Answer/A Boy Is A Gun/Are We StillFriends?
83%
G Goblin/Golden/Garden Shed/Glitter/Gone, Gone/Group B
83%
L Lone/Lemonhead/Lumberjack/Lights On/Like Him
83%
# 2Seater/48/435/911-mr lonely
79%
E Enjoy Right Now, Today/Earfquake/Exactly what you run fromyou end up chasing/Everything Must Go
79%
J Jamba/Juggernaut/Judge Judy
79%
N Nightmare/NY/November/New Magic Wand/Noid
79%
R Radicals/Rella/Rusty/Run/Running out of time/Runitup/Rise!/RahTah Tah/Ring Ring Ring
75%
C Cowboy/Colossus/Campfire/Cherry Bomb/Corso/Cindy Lou'sWish/cash in cash out/cracc era
71%
D Domo23/Deathcamp/Droppin' Seeds/Dogtooth/Darling, I/Don'tTap That Glass/Don't You Worry Baby
71%
P PartyIsntOver/Pigs/Parking Lot/Pilot/Perfect/Pothole/Puppet/Peach Fuzz/Potato Salad
67%
H Her/Hot Wind Blows/Heaven To Me/Hot Chocolate/Hey Jane/Hcapd
63%
M Massa/Manifesto/Momma Talk/Mother/Mommanem
63%
Y Yonkers/You're A Mean One, Mr. Grinch
63%
F Fish/Find your wings/Fucking Young/Foreword/fish n steak
58%
O Okaga, Ca/Okra
50%
U Untitled 63
29%
K Keep Da O's
25%
No matching quizzes found
Score Distribution
Percent of People with Each Score
Percentile by Number Answered
Your Score History
You have not taken this quiz since the last reset